000 00568nam a2200205 a 4500
005 20140310183135.0
008 020820s19uu xx 00 eng d
020 _a9780071169653
050 _aHF 1411
_b.L536 2000
100 _aPugel, Thomas
245 _aInternational economics /
_cThomas Pugel.
260 _aUSA :
_bMcGraw-Hill.
_c2000
300 _a709 p. :
_bill. col. ;
_c26 cm.
521 _aBSBA
650 _aInternational economics relations
650 _aCommercial policy
650 _aForeign exchange
942 _cBK
_2lcc
_kFOR
999 _c19265
_d19265